000 00483cam a22001934a 4500
005 20250605164250.0
008 250528s ||||||||||||||||||||||||d
035 _a21678
040 _aGR-AtMCL
_bgre
_dGR-AtMCL
_eAACR2
245 1 _aΘΕΡΑΠΕΥΤΙΚΕΣ ΑΣΚΗΣΕΙΣ Ι
250 _a5
260 _bAddison-Wesley,
_c1993
300 _a278
700 1 _aBasmajian John V.
_97617
700 1 _aWolf Steven L
_97618
942 _cBK
999 _c6738
_d6738